[Event "33 Open Andorra Hotel St.Gothard "]
[Site "Erts-La Massana"]
[Date "2015.07.23"]
[Round "6.15"]
[White "Jerez Perez, Alfonso"]
[Black "Saucey, Michel"]
[Result "1-0"]
[WhiteElo "2406"]
[BlackElo "2268"]
[PlyCount "123"]
[EventDate "2015.??.??"]

1. e4 c5 2. Nf3 Nc6 3. c3 d5 4. exd5 Qxd5 5. d4 Nf6 6. Be3 e5 7. Nxe5 cxd4 8.
cxd4 Bb4+ 9. Nc3 Qa5 10. Qb3 Nd5 11. Nc4 Qd8 12. Be2 O-O 13. O-O Be6 14. Nxd5
Bxd5 15. Qd3 Re8 16. a3 Bf8 17. Nd2 Qd7 18. Rfe1 Rad8 19. Rad1 h6 20. Bf3 Bxf3
21. Nxf3 Qd5 22. b4 b5 23. Qc2 a5 24. bxa5 Nxa5 25. Qc3 Nc4 26. Bc1 Rxe1+ 27.
Rxe1 Ra8 28. h3 Bxa3 29. Bxa3 Rxa3 30. Qc2 Ra8 31. Qc3 Rb8 32. Qb4 Qd6 33. Rb1
Qc6 34. Qc5 Qxc5 35. dxc5 b4 36. Nd4 Nd2 37. Rb2 Nc4 38. Rc2 Na3 39. Re2 b3 40.
Rb2 Rb4 41. Rxb3 Rxd4 42. Rxa3 Rc4 43. Ra8+ Kh7 44. Rc8 Rc1+ 45. Kh2 Rc3 46. h4
g6 47. g3 Kg7 48. Kg2 Kf6 49. c6 h5 50. Rc7 Ke6 51. Kf1 Rc2 52. Ke1 Kf6 53. Rc8
Ke6 54. Rc7 Kf6 55. f3 Rc3 56. Kf2 Ke6 57. Ke2 Kf6 58. Rc8 Ke6 59. Kd2 Rxf3 60.
Rd8 Rf2+ 61. Kd3 Rf1 62. c7 1-0

[Event "33 Open Andorra Hotel St.Gothard "]
[Site "Erts-La Massana"]
[Date "2015.07.23"]
[Round "6.16"]
[White "Llaneza Vega, Patricia"]
[Black "Brochet, Philippe"]
[Result "1-0"]
[WhiteElo "2262"]
[BlackElo "2378"]
[PlyCount "49"]
[EventDate "2015.??.??"]

1. e4 c5 2. Nf3 d6 3. d4 cxd4 4. Nxd4 Nf6 5. Nc3 Nc6 6. Bc4 Qb6 7. Ndb5 a6 8.
Be3 Qa5 9. Nd4 Ng4 10. Nxc6 bxc6 11. O-O Nxe3 12. fxe3 e6 13. Qf3 Ra7 14. Rad1
h5 15. Kh1 h4 16. e5 Qxe5 17. Qxc6+ Bd7 18. Qb6 Ra8 19. Rd5 exd5 20. Bxd5 f5
21. Bxa8 Be7 22. Bc6 h3 23. g3 Bg5 24. Qxa6 Qxe3 25. Qc8+ 1-0

[Event "33 Open Andorra Hotel St.Gothard "]
[Site "Erts-La Massana"]
[Date "2015.07.23"]
[Round "6.17"]
[White "Berkovich, Mark A"]
[Black "Cortes Jurado, Rafael"]
[Result "1-0"]
[WhiteElo "2376"]
[BlackElo "2073"]
[PlyCount "41"]
[EventDate "2015.??.??"]

1. d4 Nf6 2. Nf3 g6 3. g3 Bg7 4. Bg2 O-O 5. O-O d5 6. Nbd2 c6 7. c4 dxc4 8.
Nxc4 Be6 9. b3 Nbd7 10. Ng5 Bxc4 11. bxc4 Qa5 12. Qb3 Qb6 13. Bb2 e5 14. dxe5
Ng4 15. Ba3 Bxe5 16. Rad1 Nc5 17. Qb4 Qxb4 18. Bxb4 b6 19. Bxc6 Rac8 20. Bxc5
bxc5 21. Bd7 1-0

[Event "33 Open Andorra Hotel St.Gothard "]
[Site "Erts-La Massana"]
[Date "2015.07.23"]
[Round "6.18"]
[White "Sanchez Jimenez, Juan Carlos"]
[Black "Diaz Camallonga, Carles"]
[Result "0-1"]
[WhiteElo "2252"]
[BlackElo "2358"]
[PlyCount "110"]
[EventDate "2015.??.??"]

1. d4 e6 2. Nf3 Nf6 3. e3 b6 4. Bd3 Bb7 5. O-O Be7 6. c4 O-O 7. Nc3 d5 8. cxd5
exd5 9. b3 Nbd7 10. Bb2 c5 11. Rc1 Rc8 12. Qe2 Ne4 13. dxc5 Ndxc5 14. Rfd1 Nxd3
15. Qxd3 Bf6 16. Nxe4 dxe4 17. Qxd8 Rfxd8 18. Bxf6 Rxd1+ 19. Rxd1 exf3 20. Be7
fxg2 21. Rd8+ Rxd8 22. Bxd8 Bd5 23. Bc7 Kf8 24. Bb8 a6 25. Bc7 b5 26. f4 Ke7
27. b4 Be4 28. Kf2 Ke6 29. Ba5 Kd5 30. Kg1 Kc4 31. Kf2 f6 32. Kg1 Kc3 33. Kf2
Kb2 34. Kg1 Kxa2 35. Kf2 Kb3 36. Kg1 g5 37. Kf2 g4 38. Kg1 h5 39. Kf2 h4 40.
Kg1 g3 41. hxg3 hxg3 42. Bc7 Kxb4 43. Bd6+ Kc4 44. Be7 a5 45. Bd6 a4 46. Be7
Kc3 47. Bxf6+ Kd3 48. Be7 Kxe3 49. Bc5+ Kd3 50. Be7 Kc4 51. Bf8 Kb3 52. Bd6 Bh7
53. Kxg2 a3 54. Kxg3 a2 55. Be5 Kc2 0-1

[Event "33 Open Andorra Hotel St.Gothard "]
[Site "Erts-La Massana"]
[Date "2015.07.23"]
[Round "6.19"]
[White "Trigo Urquijo, Sergio"]
[Black "Chargelegue, Thomas"]
[Result "1-0"]
[WhiteElo "2358"]
[BlackElo "2094"]
[PlyCount "159"]
[EventDate "2015.??.??"]

1. e4 e6 2. d4 d5 3. Nd2 Nf6 4. e5 Nfd7 5. f4 c5 6. Ngf3 Nc6 7. Nb3 Qb6 8. c3
a5 9. a4 Be7 10. Be2 O-O 11. O-O cxd4 12. cxd4 Nb4 13. Be3 Qd8 14. Nbd2 Nb6 15.
Nb1 Bd7 16. Nfd2 Rc8 17. Nc3 Nc4 18. Nxc4 dxc4 19. d5 exd5 20. Nxd5 Bf5 21. Bf3
Bd3 22. Nxe7+ Qxe7 23. Rf2 f6 24. Bd4 fxe5 25. Bxe5 Nc6 26. Bd5+ Kh8 27. Bc3
Qc5 28. Bxc6 Rxc6 29. Qd2 Re6 30. Be5 Kg8 31. Qc3 Re7 32. Rd1 b6 33. h3 Rc8 34.
Bd4 Qc6 35. Kh2 Rf7 36. Be5 Qc5 37. Bd4 Qc6 38. Be5 Qc5 39. Qd2 h6 40. Rf3 Kh7
41. Rg3 Qb4 42. Qc1 Rd8 43. Qe3 Rdd7 44. Re1 Rfe7 45. Qf2 Rf7 46. Bc3 Qd6 47.
Re5 Rde7 48. Rxe7 Rxe7 49. Be5 Qc5 50. Bd4 Qc6 51. Bxb6 Qxa4 52. Qc5 Qb4 53.
Qd4 Qb5 54. Bc5 Rd7 55. Qf2 Qc6 56. Bd4 Qe4 57. Be5 Rf7 58. Qb6 a4 59. Qa6 Bc2
60. Qe6 Rb7 61. Qe8 Qf5 62. Qc6 Qe4 63. Qc8 Rf7 64. Qe6 Rb7 65. Qg4 Qf5 66.
Qxg7+ Rxg7 67. Rxg7+ Kh8 68. Rg5+ Kh7 69. Rxf5 Bxf5 70. g4 Bd3 71. Kg3 Be4 72.
Bc3 h5 73. f5 hxg4 74. hxg4 Kg8 75. Kf4 Bc6 76. Bb4 Bd7 77. g5 Be8 78. g6 Bc6
79. f6 Be8 80. Kg5 1-0

[Event "33 Open Andorra Hotel St.Gothard "]
[Site "Erts-La Massana"]
[Date "2015.07.23"]
[Round "6.20"]
[White "Rudolf, Anna"]
[Black "Aiglon, Laurent"]
[Result "1-0"]
[WhiteElo "2335"]
[BlackElo "2018"]
[PlyCount "65"]
[EventDate "2015.??.??"]

1. e4 c5 2. c3 d5 3. exd5 Qxd5 4. d4 Nc6 5. Nf3 Bg4 6. Be2 cxd4 7. cxd4 e6 8.
O-O Nf6 9. h3 Bh5 10. Nc3 Qa5 11. a3 Rd8 12. Be3 Nd5 13. Qd2 Be7 14. b4 Qc7 15.
Rfc1 Nxc3 16. Qxc3 a6 17. Bxa6 Bxf3 18. gxf3 bxa6 19. Qxc6+ Qxc6 20. Rxc6 Ra8
21. Rac1 O-O 22. Rc7 Rfe8 23. R1c6 Bf8 24. Bd2 Reb8 25. Rd7 Rb5 26. Rcc7 a5 27.
bxa5 Bxa3 28. a6 h6 29. a7 Rb1+ 30. Kg2 Ra1 31. Rb7 Bf8 32. Be3 Ra5 33. d5 1-0

[Event "33 Open Andorra Hotel St.Gothard "]
[Site "Erts-La Massana"]
[Date "2015.07.24"]
[Round "7.2"]
[White "Lagarde, Maxime"]
[Black "Vovk, Andrey"]
[Result "1/2-1/2"]
[WhiteElo "2544"]
[BlackElo "2621"]
[PlyCount "61"]
[EventDate "2015.??.??"]

1. e4 c5 2. Nf3 Nc6 3. d4 cxd4 4. Nxd4 Nf6 5. Nc3 d6 6. Bg5 e6 7. Qd2 a6 8.
O-O-O Bd7 9. f3 Be7 10. Kb1 O-O 11. h4 b5 12. g4 Nxd4 13. Qxd4 Bc6 14. Ne2 Rc8
15. Ng3 Qc7 16. Qd2 Rfd8 17. Bd3 d5 18. e5 Ne4 19. Qf4 Nf2 20. Nh5 f6 21. Qd2
Nxd3 22. exf6 gxf6 23. Bxf6 Bxf6 24. Nxf6+ Kf7 25. Nh5 Ne5 26. Qh6 Kg8 27. f4
d4 28. fxe5 Bxh1 29. Qg5+ Kh8 30. Qf6+ Kg8 31. Qg5+ 1/2-1/2

[Event "33 Open Andorra Hotel St.Gothard "]
[Site "Erts-La Massana"]
[Date "2015.07.24"]
[Round "7.3"]
[White "Kogan, Artur"]
[Black "Demuth, Adrien"]
[Result "1/2-1/2"]
[WhiteElo "2526"]
[BlackElo "2531"]
[PlyCount "73"]
[EventDate "2015.??.??"]

1. e4 c5 2. Nf3 d6 3. d4 cxd4 4. Nxd4 Nf6 5. Nc3 Nc6 6. Bg5 e6 7. Qd2 a6 8.
O-O-O Nxd4 9. Qxd4 Be7 10. f4 b5 11. Bxf6 gxf6 12. Bd3 Qc7 13. Qe3 Bd7 14. Kb1
Qc5 15. Qg3 O-O-O 16. Rhf1 a5 17. Rde1 b4 18. Nd1 Rdg8 19. Qf3 Kb8 20. Ne3 a4
21. Nc4 a3 22. Qf2 Qxf2 23. Rxf2 Kc7 24. c3 bxc3 25. Nxa3 d5 26. Rc1 Bb4 27.
exd5 exd5 28. Nb5+ Bxb5 29. Bxb5 Rb8 30. a4 d4 31. Rd2 Rhd8 32. Rd3 Rd6 33. Ka2
Rg8 34. Kb3 Ba5 35. Rc2 Rgd8 36. Rc1 Kb6 37. Rcd1 1/2-1/2

[Event "33 Open Andorra Hotel St.Gothard "]
[Site "Erts-La Massana"]
[Date "2015.07.24"]
[Round "7.4"]
[White "Jolly, Jean-Francois"]
[Black "Riff, Jean-Noel"]
[Result "1/2-1/2"]
[WhiteElo "2345"]
[BlackElo "2502"]
[PlyCount "114"]
[EventDate "2015.??.??"]

1. e4 c5 2. Nf3 d6 3. d4 cxd4 4. Nxd4 Nf6 5. Nc3 e6 6. Be2 Be7 7. O-O O-O 8.
Be3 Nc6 9. f4 Bd7 10. Qe1 Nxd4 11. Bxd4 Bc6 12. Qg3 g6 13. Bf3 b5 14. Rad1 b4
15. e5 Bxf3 16. exf6 Bxf6 17. Bxf6 Qxf6 18. Rxf3 bxc3 19. Rxc3 Rab8 20. b3 d5
21. f5 Qxf5 22. Rc7 Rbc8 23. Rf1 Qe4 24. c4 dxc4 25. bxc4 e5 26. Rxa7 Rxc4 27.
Re7 Rc2 28. a3 Re2 29. h3 Qd4+ 30. Kh1 Qd6 31. Ra7 Qc5 32. Rb7 Re3 33. Qf2 Qc4
34. Re7 Re4 35. Qf6 Qd5 36. Qf3 Rd4 37. Qxd5 Rxd5 38. Rf6 Kg7 39. Rfe6 Ra5 40.
Rxe5 Rxa3 41. Re3 Rxe3 42. Rxe3 f5 43. g3 Kf6 44. h4 Ra8 45. Kg2 Ra1 46. Rb3
Kg7 47. Rc3 Kh6 48. Rb3 Kh5 49. Rc3 h6 50. Rc5 Ra3 51. Kh3 Rf3 52. Ra5 g5 53.
Rxf5 Rxf5 54. g4+ Kg6 55. gxf5+ Kxf5 56. hxg5 Kg6 57. gxh6 Kxh6 1/2-1/2

[Event "33 Open Andorra Hotel St.Gothard "]
[Site "Erts-La Massana"]
[Date "2015.07.24"]
[Round "7.5"]
[White "Jerez Perez, Alfonso"]
[Black "Vovk, Yuri"]
[Result "0-1"]
[WhiteElo "2406"]
[BlackElo "2632"]
[PlyCount "110"]
[EventDate "2015.??.??"]

1. e4 c5 2. Nf3 d6 3. d4 cxd4 4. Nxd4 Nf6 5. Nc3 e6 6. g4 e5 7. Bb5+ Bd7 8.
Bxd7+ Qxd7 9. Nf5 h5 10. g5 Nxe4 11. Nxg7+ Bxg7 12. Nxe4 d5 13. Nc3 e4 14. Nxd5
Nc6 15. Nf6+ Bxf6 16. Qxd7+ Kxd7 17. gxf6 Nd4 18. Kd1 Ke6 19. Be3 Nf3 20. Ke2
Kxf6 21. Rad1 Rhc8 22. c3 Rd8 23. c4 Ke5 24. b3 f5 25. Bh6 f4 26. Bg7+ Kf5 27.
h3 Rac8 28. a4 h4 29. Bc3 Ng5 30. a5 f3+ 31. Ke1 e3 32. fxe3 Rxd1+ 33. Kxd1 Ne4
34. Be1 Rd8+ 35. Kc1 Ng3 36. Rh2 Rd3 37. a6 b6 38. Rb2 Ke4 39. Bf2 Nf5 40. Kb1
Rd1+ 41. Ka2 Rf1 42. b4 Rxf2 43. Rxf2 Kxe3 44. Rf1 Ke2 45. Rb1 f2 46. b5 Nd6
47. c5 Nc8 48. cxb6 Nxb6 49. Kb3 f1=Q 50. Rxf1 Kxf1 51. Kb4 Kg2 52. Kc5 Kxh3
53. Kc6 Kg4 54. Kb7 h3 55. Kxa7 Nd7 0-1

[Event "33 Open Andorra Hotel St.Gothard "]
[Site "Erts-La Massana"]
[Date "2015.07.24"]
[Round "7.6"]
[White "Vazquez Igarza, Renier"]
[Black "Berkovich, Mark A"]
[Result "1-0"]
[WhiteElo "2581"]
[BlackElo "2376"]
[PlyCount "81"]
[EventDate "2015.??.??"]

1. d4 Nf6 2. c4 e6 3. g3 d5 4. Bg2 dxc4 5. Nf3 Bb4+ 6. Bd2 c5 7. O-O O-O 8.
dxc5 Bxc5 9. Qc2 Nbd7 10. Qxc4 b5 11. Qb3 Bb7 12. Qxb5 Rb8 13. Qa4 Ne4 14. Be1
Qb6 15. Qc2 Rfc8 16. Nc3 Ndf6 17. Ne5 Nxc3 18. Bxc3 Bxg2 19. Kxg2 Bd4 20. Nf3
Bxc3 21. bxc3 Qc6 22. Rfd1 Nd5 23. Rac1 Qxc3 24. Rd2 h6 25. Qxc3 Rxc3 26. Rxc3
Nxc3 27. Rc2 Nd5 28. Ne5 Rb7 29. e4 Rc7 30. Rxc7 Nxc7 31. Kf3 Kf8 32. Ke3 Ke8
33. a4 f6 34. Nc6 a6 35. Kd4 Kd7 36. Kc5 e5 37. Kb6 Ne6 38. Nb8+ Kc8 39. Nxa6
Ng5 40. Nc5 Nh3 41. a5 1-0

[Event "33 Open Andorra Hotel St.Gothard "]
[Site "Erts-La Massana"]
[Date "2015.07.24"]
[Round "7.7"]
[White "Diaz Camallonga, Carles"]
[Black "Gozzoli, Yannick"]
[Result "0-1"]
[WhiteElo "2358"]
[BlackElo "2567"]
[PlyCount "118"]
[EventDate "2015.??.??"]

1. e4 c5 2. Nf3 e6 3. d4 cxd4 4. Nxd4 Nf6 5. Nc3 d6 6. g3 Be7 7. Bg2 O-O 8. O-O
Nc6 9. a4 Bd7 10. h3 a6 11. Nb3 Na5 12. Nxa5 Qxa5 13. Bd2 Qc7 14. a5 Bc6 15.
Be3 Nd7 16. Qe2 Bf6 17. Qc4 b5 18. axb6 Nxb6 19. Qd3 Bb7 20. Bd4 Bxd4 21. Qxd4
Rac8 22. Rfd1 Rfd8 23. Qb4 Nc4 24. Na4 d5 25. b3 Ne5 26. f4 Nd7 27. e5 a5 28.
Qb5 Bc6 29. Qe2 Bxa4 30. Rxa4 Qb6+ 31. Kh2 Rc3 32. Rad4 Rdc8 33. R1d2 Qc7 34.
Qb5 Rc5 35. Qa4 Nb6 36. Qa2 a4 37. bxa4 h5 38. Rb4 h4 39. gxh4 Nc4 40. Re2 Qe7
41. Qa1 Qxh4 42. Qf1 Na3 43. Qf2 Qxf2 44. Rxf2 Nxc2 45. Rb2 Ne3 46. Rb3 Nd1 47.
Rff3 Rc2 48. Ra3 d4 49. Kg3 Ne3 50. Rfxe3 dxe3 51. Rxe3 Ra2 52. Be4 g6 53. h4
Rxa4 54. Bd3 Rc3 55. Kf3 Kg7 56. Be2 Rxe3+ 57. Kxe3 Ra3+ 58. Kf2 Rh3 59. h5
Rh2+ 0-1

[Event "33 Open Andorra Hotel St.Gothard "]
[Site "Erts-La Massana"]
[Date "2015.07.24"]
[Round "7.8"]
[White "Arizmendi Martinez, Julen Luis"]
[Black "Rudolf, Anna"]
[Result "1/2-1/2"]
[WhiteElo "2529"]
[BlackElo "2335"]
[PlyCount "37"]
[EventDate "2015.??.??"]

1. e4 e6 2. d4 d5 3. Nc3 Nf6 4. e5 Nfd7 5. f4 c5 6. Nf3 Nc6 7. Be3 Be7 8. Qd2
O-O 9. dxc5 Bxc5 10. O-O-O Qa5 11. a3 Be7 12. Qe1 a6 13. h4 b5 14. Nd4 Qc7 15.
Nxc6 Qxc6 16. Ne2 b4 17. Nd4 Qb7 18. a4 Nc5 19. b3 1/2-1/2

[Event "33 Open Andorra Hotel St.Gothard "]
[Site "Erts-La Massana"]
[Date "2015.07.24"]
[Round "7.9"]
[White "Asis Gargatagli, Hipolito"]
[Black "Trigo Urquijo, Sergio"]
[Result "1-0"]
[WhiteElo "2472"]
[BlackElo "2358"]
[PlyCount "51"]
[EventDate "2015.??.??"]

1. e4 e5 2. Nf3 Nc6 3. Bb5 a6 4. Ba4 Nf6 5. O-O Be7 6. Re1 b5 7. Bb3 d6 8. a4
Bg4 9. c3 O-O 10. h3 Bxf3 11. Qxf3 Na5 12. Bc2 b4 13. d3 c5 14. Nd2 Rb8 15. Nf1
bxc3 16. bxc3 Nb3 17. Bxb3 Rxb3 18. Qd1 Rb7 19. Ne3 d5 20. Qe2 d4 21. Nf5 Re8
22. cxd4 cxd4 23. f4 Bb4 24. Rf1 Bd6 25. Qf3 exf4 26. e5 1-0

[Event "33 Open Andorra Hotel St.Gothard "]
[Site "Erts-La Massana"]
[Date "2015.07.24"]
[Round "7.10"]
[White "Pulvett Marin, Daniel"]
[Black "Trepat Herranz, Joan"]
[Result "0-1"]
[WhiteElo "2446"]
[BlackElo "2351"]
[PlyCount "80"]
[EventDate "2015.??.??"]

1. d4 Nf6 2. c4 e6 3. Nf3 d5 4. Qc2 Be7 5. g3 O-O 6. Bg2 a6 7. Nbd2 dxc4 8.
Nxc4 c5 9. O-O b5 10. Nce5 c4 11. Ng5 Ra7 12. Be3 Rc7 13. Rad1 g6 14. Bc1 Nd5
15. h4 Nc6 16. Be4 Bf6 17. Nxc6 Rxc6 18. Nf3 Rc7 19. Bd2 Ra7 20. h5 Bg7 21.
hxg6 hxg6 22. Ne5 Bb7 23. Bf3 Ne7 24. Bb4 Bxf3 25. Nxf3 Re8 26. Kg2 Nc6 27. Bc5
Rd7 28. Qe4 Rd5 29. Rh1 e5 30. dxe5 Rxd1 31. Rxd1 Qxd1 32. Qxc6 Qd8 33. Bd6 Qa8
34. Qd7 Bxe5 35. Ba3 Bg7 36. Kf1 Qd8 37. Qb7 Qc8 38. Qa7 Qh3+ 39. Kg1 Qe6 40.
Ng5 Qd5 0-1

[Event "33 Open Andorra Hotel St.Gothard "]
[Site "Erts-La Massana"]
[Date "2015.07.24"]
[Round "7.11"]
[White "Roser, Kevin"]
[Black "Abergel, Thal"]
[Result "0-1"]
[WhiteElo "2403"]
[BlackElo "2440"]
[PlyCount "86"]
[EventDate "2015.??.??"]

1. e4 c5 2. Nf3 e6 3. d4 cxd4 4. Nxd4 a6 5. Bd3 Bc5 6. Nb3 Be7 7. Qg4 g6 8. Qe2
d6 9. O-O Nd7 10. Nc3 Qc7 11. Bd2 b6 12. Rae1 Bb7 13. f4 h5 14. h3 h4 15. Nd4
Ngf6 16. Qf2 Nh5 17. f5 gxf5 18. exf5 e5 19. f6 Ndxf6 20. Nf5 Rg8 21. Ne4 Nxe4
22. Rxe4 Bd5 23. c4 Be6 24. Rxh4 Ng3 25. Qf3 Rc8 26. Rg4 Rxg4 27. Nxg3 Rg8 28.
Nh5 Bxc4 29. Rc1 d5 30. Bh7 Rh8 31. Bf5 e4 32. Qg4 Rd8 33. b3 Qc5+ 34. Kh1 Qf2
35. bxc4 Qxd2 36. Rf1 Qg5 37. Bg6 Qxg4 38. Bxf7+ Kd7 39. hxg4 d4 40. Rf4 d3 41.
Rxe4 d2 42. Rd4+ Kc7 43. Bd5 Bg5 0-1

[Event "33 Open Andorra Hotel St.Gothard "]
[Site "Erts-La Massana"]
[Date "2015.07.24"]
[Round "7.12"]
[White "Llaneza Vega, Patricia"]
[Black "Antoli Royo, Joaquin Miguel"]
[Result "0-1"]
[WhiteElo "2262"]
[BlackElo "2430"]
[PlyCount "72"]
[EventDate "2015.??.??"]

1. e4 c5 2. Nf3 Nc6 3. d4 cxd4 4. Nxd4 Nf6 5. Nc3 d6 6. Bg5 Qa5 7. Bxf6 gxf6 8.
Be2 Rg8 9. g3 Bd7 10. Nb3 Qg5 11. f4 Qh6 12. Bf3 f5 13. Qd2 fxe4 14. Nxe4 O-O-O
15. O-O-O Kb8 16. Rhe1 Bg7 17. Kb1 Rc8 18. a3 Rc7 19. g4 f5 20. g5 Qg6 21. Ng3
Bh8 22. Bd5 Rgc8 23. c3 e5 24. Ka2 exf4 25. Qxf4 Be5 26. Qd2 Ne7 27. Ne2 Nxd5
28. Qxd5 Be6 29. Qb5 Bc4 30. Qa4 f4 31. Ned4 Bxd4 32. Rxd4 f3 33. Rf4 Rc6 34.
Ka1 Qc2 35. Ka2 f2 36. Rh1 Ra6 0-1

[Event "33 Open Andorra Hotel St.Gothard "]
[Site "Erts-La Massana"]
[Date "2015.07.24"]
[Round "7.13"]
[White "Iturrizaga Bonelli, Eduardo"]
[Black "Garcia, Jhoel"]
[Result "1-0"]
[WhiteElo "2625"]
[BlackElo "2336"]
[PlyCount "109"]
[EventDate "2015.??.??"]

1. Nf3 Nf6 2. c4 g6 3. Nc3 Bg7 4. g3 O-O 5. Bg2 d6 6. d4 Nbd7 7. O-O c6 8. e4
e5 9. Be3 exd4 10. Nxd4 Re8 11. Qd2 Nc5 12. f3 d5 13. cxd5 cxd5 14. Nc2 Ncd7
15. Nxd5 Nxd5 16. Qxd5 Bxb2 17. Rab1 Bg7 18. Rfd1 Qe7 19. Nd4 Nb6 20. Qb3 Bd7
21. Rdc1 Ba4 22. Qb2 Rac8 23. Bf2 Red8 24. f4 Nc4 25. Qc3 Na3 26. Qxc8 Nxb1 27.
Qc4 Qd7 28. e5 Na3 29. Qb4 Bf8 30. Qxb7 Qxb7 31. Bxb7 Nb5 32. Rc4 Nxd4 33. Rxd4
Rxd4 34. Bxd4 a5 35. Bc3 Bc5+ 36. Kg2 Bb6 37. Be1 Bd7 38. Bf2 Bd8 39. Bc5 Be6
40. a3 h5 41. Kf3 Kg7 42. Ke4 h4 43. Bd5 Bd7 44. Kd4 hxg3 45. hxg3 Bb5 46. Bb7
Bd7 47. Kd5 Be6+ 48. Kd6 Bh3 49. Be4 Bc8 50. Kc6 Kg8 51. Bc2 Be6 52. a4 Bg4 53.
Bb6 Bd7+ 54. Kb7 Bc8+ 55. Ka7 1-0

[Event "33 Open Andorra Hotel St.Gothard "]
[Site "Erts-La Massana"]
[Date "2015.07.24"]
[Round "7.14"]
[White "Narciso Dublan, Marc"]
[Black "Silva Rodriguez, Fernando"]
[Result "1-0"]
[WhiteElo "2521"]
[BlackElo "2305"]
[PlyCount "63"]
[EventDate "2015.??.??"]

1. e4 e5 2. Nf3 Nc6 3. d4 exd4 4. Nxd4 Bc5 5. Nxc6 Qf6 6. Qf3 dxc6 7. Nd2 Be6
8. Bd3 O-O-O 9. O-O h6 10. Qg3 g5 11. e5 Qg7 12. Nb3 Bb6 13. Be3 Ne7 14. Bxb6
axb6 15. f4 Nf5 16. Qf2 gxf4 17. Qxf4 Rhg8 18. Rf2 Ne7 19. Nd4 Bd5 20. Nf5 Nxf5
21. Bxf5+ Kb8 22. Bh3 Rde8 23. Re1 b5 24. a4 Re7 25. axb5 cxb5 26. Qd4 Bc6 27.
Qc5 Re6 28. Bxe6 fxe6 29. Re3 Qd7 30. Rf8+ Rxf8 31. Qxf8+ Ka7 32. Rd3 1-0

[Event "33 Open Andorra Hotel St.Gothard "]
[Site "Erts-La Massana"]
[Date "2015.07.24"]
[Round "7.15"]
[White "Guichard, Pauline"]
[Black "Aloma Vidal, Robert"]
[Result "0-1"]
[WhiteElo "2353"]
[BlackElo "2451"]
[PlyCount "100"]
[EventDate "2015.??.??"]

1. d4 Nf6 2. c4 g6 3. Nc3 d5 4. e3 Bg7 5. cxd5 Nxd5 6. Bc4 Nxc3 7. bxc3 c5 8.
Nf3 Qc7 9. Qe2 Nc6 10. O-O O-O 11. Ba3 b6 12. Rfd1 Na5 13. Bd5 Rb8 14. e4 Rd8
15. Bb3 e6 16. Qe3 Bf8 17. Bb2 Bb7 18. h4 h5 19. Rac1 Bg7 20. Ng5 Nxb3 21. axb3
Qc6 22. f3 Rd7 23. e5 cxd4 24. cxd4 Qb5 25. Rd2 Rbd8 26. Rcc2 Bd5 27. Rc3 Bh6
28. Qe2 Bb7 29. Ba3 Qd5 30. Bd6 f6 31. Qd3 f5 32. Qc4 Qxc4 33. Rxc4 Bxg5 34.
hxg5 a5 35. b4 Bd5 36. Rc7 Kh7 37. Rdc2 Kg7 38. Kf2 Kg8 39. Rxd7 Rxd7 40. Rc8+
Kf7 41. bxa5 bxa5 42. Kg3 a4 43. Kf4 Ra7 44. Rc3 Ke8 45. Rc8+ Kf7 46. Rc3 h4
47. Ke3 Rb7 48. Kd2 Rb2+ 49. Rc2 Rxc2+ 50. Kxc2 Bxf3 0-1

[Event "33 Open Andorra Hotel St.Gothard "]
[Site "Erts-La Massana"]
[Date "2015.07.24"]
[Round "7.16"]
[White "Romero Berruezo, Francisco"]
[Black "Kalegin, Evgenij"]
[Result "1-0"]
[WhiteElo "2198"]
[BlackElo "2445"]
[PlyCount "51"]
[EventDate "2015.??.??"]

1. Nf3 Nf6 2. c4 g6 3. Nc3 Bg7 4. e4 d6 5. d4 O-O 6. Be2 Nbd7 7. O-O e5 8. Qc2
Nh5 9. dxe5 dxe5 10. Bg5 f6 11. Be3 c6 12. g3 Bh8 13. c5 Re8 14. Qb3+ Kf8 15.
Rad1 Qe7 16. Rd6 Ng7 17. Bc4 Nb8 18. Bh6 b6 19. Bg8 bxc5 20. Ng5 c4 21. Qxc4
fxg5 22. Bxg5 Ba6 23. Bxe7+ Rxe7 24. Rf6+ Ke8 25. Bf7+ Kd8 26. Rd1+ 1-0

[Event "33 Open Andorra Hotel St.Gothard "]
[Site "Erts-La Massana"]
[Date "2015.07.24"]
[Round "7.17"]
[White "Barbot, Pierre"]
[Black "Laclau, Daniel"]
[Result "1-0"]
[WhiteElo "2445"]
[BlackElo "2301"]
[PlyCount "61"]
[EventDate "2015.??.??"]

1. Nf3 Nf6 2. c4 g6 3. Nc3 d5 4. cxd5 Nxd5 5. Qb3 Nb6 6. d4 Bg7 7. Bf4 O-O 8.
e3 a5 9. Be2 a4 10. Qa3 c6 11. O-O N8d7 12. Rfd1 Re8 13. b3 Nf6 14. e4 axb3 15.
Qxb3 Be6 16. Qb4 Bc8 17. Rac1 e6 18. Ne5 Nfd7 19. Nd3 Bf8 20. Qb3 Ra3 21. Qc2
Qe7 22. Rb1 Bg7 23. Bc1 Bxd4 24. Bxa3 Qxa3 25. Rb3 Qa5 26. Bf1 c5 27. Nb2 Ne5
28. Nb5 Nc6 29. Nxd4 Nxd4 30. Rxd4 cxd4 31. Qc7 1-0

[Event "33 Open Andorra Hotel St.Gothard "]
[Site "Erts-La Massana"]
[Date "2015.07.24"]
[Round "7.19"]
[White "Sanchez Dengra, Jose Maria"]
[Black "Sos Andreu, Eric"]
[Result "1/2-1/2"]
[WhiteElo "2137"]
[BlackElo "2362"]
[PlyCount "38"]
[EventDate "2015.??.??"]

1. e4 d5 2. exd5 Qxd5 3. Nc3 Qd6 4. d4 Nf6 5. Nf3 c6 6. Ne5 Nbd7 7. Nc4 Qc7 8.
Qf3 Nb6 9. Bf4 Qd7 10. O-O-O Qg4 11. Qxg4 Bxg4 12. f3 Be6 13. Nxb6 axb6 14. a3
g6 15. Bc7 b5 16. d5 Bh6+ 17. Kb1 Bxd5 18. Bxb5 Be6 19. Bd3 O-O 1/2-1/2

[Event "33 Open Andorra Hotel St.Gothard "]
[Site "Erts-La Massana"]
[Date "2015.07.24"]
[Round "7.20"]
[White "Loiseau, Quentin"]
[Black "Nieves Cabanes, Javier"]
[Result "1-0"]
[WhiteElo "2429"]
[BlackElo "2141"]
[PlyCount "75"]
[EventDate "2015.??.??"]

1. d4 Nf6 2. c4 e6 3. g3 c5 4. d5 exd5 5. cxd5 d6 6. Nc3 g6 7. Bg2 Bg7 8. Nf3
O-O 9. O-O a6 10. a4 Re8 11. Nd2 Nbd7 12. h3 Rb8 13. Nc4 Ne5 14. Na3 Nh5 15. e4
Bd7 16. a5 b5 17. axb6 Bb5 18. Naxb5 axb5 19. Nxb5 Qxb6 20. Nc3 c4 21. g4 Nd3
22. Na4 Qa7 23. Be3 Bd4 24. Bxd4 Qxd4 25. gxh5 Rb4 26. Qd2 Ra8 27. Qc3 Qa7 28.
Nc5 Qxa1 29. Rxa1 Rxa1+ 30. Kh2 dxc5 31. h6 f6 32. Qxf6 Ra7 33. Qd8+ Kf7 34.
Qh8 Rbb7 35. e5 g5 36. Qxh7+ Ke8 37. Qg8+ Kd7 38. h7 1-0

[Event "33 Open Andorra Hotel St.Gothard "]
[Site "Erts-La Massana"]
[Date "2015.07.25"]
[Round "8.1"]
[White "Gozzoli, Yannick"]
[Black "Granda Zuniga, Julio E"]
[Result "1/2-1/2"]
[WhiteElo "2567"]
[BlackElo "2652"]
[PlyCount "45"]
[EventDate "2015.??.??"]

1. d4 Nf6 2. c4 e6 3. Nc3 Bb4 4. Nf3 c5 5. g3 cxd4 6. Nxd4 Ne4 7. Qc2 Qa5 8.
Bg2 Nxc3 9. O-O Nc6 10. Be3 Qa4 11. bxc3 Qxc2 12. Nxc2 Bxc3 13. Rab1 d6 14.
Rfd1 Ke7 15. Na3 a6 16. Bb6 Bb4 17. Nc2 Bc5 18. Bxc5 dxc5 19. Bxc6 bxc6 20. Ne1
Rd8 21. Rxd8 Kxd8 22. Nd3 Kc7 23. Nxc5 1/2-1/2

[Event "33 Open Andorra Hotel St.Gothard "]
[Site "Erts-La Massana"]
[Date "2015.07.25"]
[Round "8.3"]
[White "Riff, Jean-Noel"]
[Black "Vazquez Igarza, Renier"]
[Result "1-0"]
[WhiteElo "2502"]
[BlackElo "2581"]
[PlyCount "51"]
[EventDate "2015.??.??"]

1. e4 c5 2. Nf3 e6 3. d4 cxd4 4. Nxd4 a6 5. Be2 Nf6 6. Nc3 d6 7. O-O Be7 8. f4
Qc7 9. Kh1 Nc6 10. Be3 Bd7 11. Qe1 Nxd4 12. Bxd4 Bc6 13. Qg3 O-O 14. Rae1 b5
15. a3 Qb7 16. Bd3 b4 17. Nd1 bxa3 18. bxa3 Rad8 19. Nf2 Qc7 20. Re3 Nh5 21.
Qg4 Qa5 22. Rh3 g6 23. f5 Nf6 24. fxg6 fxg6 25. Qxe6+ Rf7 26. Ng4 1-0